000 00864nam a2200253 a 4500
001 000023251
005 20200930022105.0
008 101201s1998 nyu 000 0 spa d
020 _a8408038710
040 _aDO-SdBNP
_bspa
_cBNPHU
082 _a813.54
_bC587ó
100 1 _aClancy, Tom,
_d1947-
_910904
240 1 4 _aThe bear and the dragon.
_lEspañol.
245 1 3 _aEl oso y el dragón /
_cTom Clancy ; traducción de Enric Tremps.
260 _aNueva York :
_bPlaneta,
_c1998.
300 _av. ;
_c24 cm.
504 _aIncluye referencias bibliográficas y notas al pie de las páginas.
500 _aLa biblioteca posee el volumen 2.
534 _pTítulo original:
_tThe bear and the dragon.
650 4 _aNovela estadounidense
_9262
650 4 _aLiteratura estadounidense
_ySIGLO XX
_96874
700 1 _aTremps, Enric,
_etr.
_910907
049 _aBNGR
999 _c22748
_d22748